Normal view
MARC view
- Robinson, Donald B.
Entry Personal Name
001 - CONTROL NUMBER
- control field: 44240
003 - CONTROL NUMBER IDENTIFIER
- control field: NUST
005 - DATE AND TIME OF LATEST TRANSACTION
- control field: 20210314132924.0
008 - FIXED-LENGTH DATA ELEMENTS
- fixed length control field: 210314|| aca||aabn | a|a d
040 ## - CATALOGING SOURCE
- Original cataloging agency: NUST
- Transcribing agency: NUST
100 ## - HEADING--PERSONAL NAME
- Personal name: Robinson, Donald B.
670 ## - SOURCE DATA FOUND
- Source citation: Work cat.: (NUST): Robinson, Donald B.,, The dirty wars;, [1968]
